000 00490nam a2200181Ia 4500
005 20250326142152.0
008 250326s9999 xx 000 0 und d
037 _aTextbook
040 _aFMSL
_beng
_cFMSL
041 _aeng
_2eng
084 _aX:51 M4
_qFMSL
100 _aLittler Dale
245 0 _aMarketing and product development
_cLittler Dale
260 _aOxford
_bOxford, Philip allen
_c1984
300 _a267p
942 _cTB
_hX:51 M4
999 _c1293755
_d1293755